| 000 | 01801nam a2200241Ia 4500 | ||
|---|---|---|---|
| 008 | 260220t1971||||xx |||||||||||||| ||spa|| | ||
| 040 |
_aPY-SlUNAC _bspa _erda |
||
| 041 | _aspa | ||
| 082 |
_a591 _bR825c |
||
| 100 |
_aRubio Lois, Manuel _eAutor |
||
| 245 | 0 |
_aContribución al estudio de la fauna bentónica del litoral de blomes / _cpor Manuel Rubio Lois [Autor] |
|
| 264 |
_aBarcelona : _bUniversidad de Barcelona, _c℗1971. |
||
| 300 | _a1 volumen | ||
| 520 | _aEl libro "Contribución al estudio de la fauna bentónica del litoral de blomes" de Manuel Rubio Lois, publicado en 1971 por la Universidad de Barcelona, se enfoca en la investigación de las comunidades bentónicas presentes en los ecosistemas costeros de la región de Blomes. A través de un análisis detallado de las especies invertebradas que habitan en el fondo marino, el autor examina la diversidad, distribución y ecología de estas comunidades, aportando datos relevantes sobre su relevancia en la salud del ecosistema litoral. Rubio Lois utiliza métodos de muestreo y clasificación taxonómica para documentar las especies encontradas, proporcionando también un contexto sobre las interacciones biológicas y las influencias ambientales que afectan a la fauna bentónica. Este trabajo no solo contribuye al conocimiento científico de la biodiversidad marina, sino que también destaca la importancia de la conservación de estos hábitats frente a la creciente presión antropogénica, sirviendo de referencia para futuros estudios en ecología marina y gestión ambiental. | ||
| 653 | _aBentos | ||
| 653 | _aEcología | ||
| 653 | _aFauna | ||
| 942 |
_b2026/02/17 _cBK |
||
| 999 |
_c8320 _d8320 |
||